Mumbai - Choix multiples - Statistiques

Statistiques générales
  • Ce quiz a été pris 2 314 fois
    2 305 depuis la dernière actualisation
  • Le résultat moyen est 7 sur 10
Statistiques - réponses
Question Réponse % Correct
Comment est surnommée l'industrie du cinéma indien basée à Mumbai ? Bollywood
97%
Quel est le nom colonial de la ville, officiel jusqu'en 1995 ? Bombay
95%
Quel aléa menace quotidiennement une grande partie de la ville ? La montée des eaux
73%
Comment Jamal Malik devient-il millionnaire dans le film Slumdog Millionaire, qui se déroule à Mumbai ? En gagnant l'émission Qui veut gagner des millions?
72%
Où en Inde se trouve Mumbai ?
71%
Quelle œuvre est partiellement inspirée de l'enfance de l'auteur, ayant grandi à Mumbai lors de ses 6 premières années ? Le Livre de la jungle, Rudyard Kipling
69%
Quelle nation européenne a détenu Mumbai en premier, nommant ainsi la zone Bom Bahia ? Portugal
69%
Trois sites de Mumbai sont classés au patrimoine mondial de l'UNESCO. Lequel ne l'est pas ? Le musée du prince de Galles
55%
Laquelle de ces photographies a été prise à Mumbai ?
53%
Lequel de ces événements a débuté à Mumbai ? Le mouvement Quit India appelant à l'indépendance de l'Inde en 1942, émis par Gandhi
46%
Aucun quiz correspondant
Distribution des résultats
% des personnes avec chaque résultat
Percentile par nombre de réponses
Votre historique - résultats
Vous n’avez pas pris ce quiz depuis la dernière actualisation